Catalog

Record Details

Catalog Search



Radostná věda  Cover Image Book Book

Radostná věda / Friedrich Nietzsche ; [z němčiny přeložila Věra Koubová ; doslov napsal Pavel Kouba]

Nietzsche, Friedrich, 1844-1900 (Author). Koubová, Věra, 1953- (Translator). Kouba, Pavel, 1953- (Author of introduction, etc.).

Record details

  • ISBN: 80-7198-080-3
  • Physical Description: 285 s. ; 21 cm
  • Edition: Vyd. 2., Ve Votobii 1.
  • Publisher: V Olomouci : Votobia, 1996
Subject: filozofie
poznání
etika
philosophy
knowledge
ethics
Genre: úvahy
essays

Available copies

  • 1 of 1 copy available at Common Catalog SPOK.

Holds

  • 0 current holds with 1 total copy.
Show Only Available Copies
Location Call Number / Copy Notes Barcode Shelving Location Status Due Date
Jabok Library FL-3/Ni 424480005679 Odborná literatura Available -

LDR 01513nam a2200445 a 4500
00110745
003CZ-PrJAB
00520220531104810.0
007tu
008961107s1996 xr e 000 0 cze
015 . ‡acnb000148096
020 . ‡a80-7198-080-3 ‡q(váz.)
035 . ‡a(CZ PrNK)cpk19960148096
035 . ‡a(OCoLC)37963689
040 . ‡aABA001 ‡bcze
0411 . ‡acze ‡hger
072 7. ‡a101 ‡xFilozofie ‡2Konspekt ‡95
080 . ‡a101 ‡2MRF
080 . ‡a165 ‡2MRF
080 . ‡a17 ‡2MRF
080 . ‡a(0:82-4) ‡2MRF
1001 . ‡aNietzsche, Friedrich, ‡d1844-1900 ‡7jn19990006124 ‡4aut
24010. ‡aFröhliche Wissenschaft. ‡lČesky ‡7aun2008456080
24510. ‡aRadostná věda / ‡cFriedrich Nietzsche ; [z němčiny přeložila Věra Koubová ; doslov napsal Pavel Kouba]
250 . ‡aVyd. 2., Ve Votobii 1.
260 . ‡aV Olomouci : ‡bVotobia, ‡c1996
300 . ‡a285 s. ; ‡c21 cm
65007. ‡afilozofie ‡7ph114540 ‡2czenas
65007. ‡apoznání ‡7ph115851 ‡2czenas
65007. ‡aetika ‡7ph114488 ‡2czenas
65009. ‡aphilosophy ‡2eczenas
65009. ‡aknowledge ‡2eczenas
65009. ‡aethics ‡2eczenas
655 7. ‡aúvahy ‡7fd134000 ‡2czenas
655 9. ‡aessays ‡2eczenas
7001 . ‡aKoubová, Věra, ‡d1953- ‡7jn20011210278 ‡4trl
7001 . ‡aKouba, Pavel, ‡d1953- ‡7jn20000710285 ‡4aui
910 . ‡aABG312
901 . ‡a10745 ‡bUnknown ‡c10745 ‡tbiblio

Additional Resources